[Event "Sunway Sitges Open 2016"]
[Site "Sitges ESP"]
[Date "2016.12.17"]
[Round "2.29"]
[White "Michelakos, Panagiotis"]
[Black "Beerdsen, Thomas"]
[Result "1-0"]
[BlackTitle "FM"]
[WhiteElo "2257"]
[BlackElo "2407"]
[WhiteFideId "4216067"]
[BlackFideId "1030108"]
[EventDate "2016.12.16"]

1. d4 Nf6 2. c4 e6 3. Nc3 Bb4 4. e3 b6 5. Bd3 Bb7 6. Nf3 O-O 7. O-O d5 8. cxd5
exd5 9. a3 Bd6 10. b4 a5 11. b5 Re8 12. Qb3 Ne4 13. a4 c5 14. bxc6 Nxc6 15. Ba3
Bxa3 16. Rxa3 Nb4 17. Bb5 Nxc3 18. Qxc3 Rc8 19. Qb2 Bc6 20. Bxc6 Rxc6 21. Rc1
Rxc1+ 22. Qxc1 Qd7 23. Ne5 Rc8 24. Rc3 Rxc3 25. Qxc3 Qe8 26. Qc7 f6 27. Nd7 Qh5
28. h3 Qd1+ 29. Kh2 Qxa4 30. f4 Qc6 31. Qd8+ Kf7 32. f5 Qd6+ 33. Ne5+ 1-0

[Event "Sunway Sitges Open 2016"]
[Site "Sitges ESP"]
[Date "2016.12.17"]
[Round "2.30"]
[White "Collas, Didier"]
[Black "Tsakiris, Haralambos"]
[Result "1-0"]
[WhiteTitle "IM"]
[BlackTitle "FM"]
[WhiteElo "2399"]
[BlackElo "2268"]
[WhiteFideId "602680"]
[BlackFideId "4223314"]
[EventDate "2016.12.16"]

1. Nf3 d5 2. c4 e6 3. g3 Nf6 4. Bg2 d4 5. O-O c5 6. b4 cxb4 7. a3 bxa3 8. e3 Nc6
9. Nxa3 Be7 10. Bb2 d3 11. Nb5 O-O 12. Ne5 Nb4 13. Rxa7 Rxa7 14. Nxa7 Bd7 15.
Qb3 Qb8 16. Nxd7 Nxd7 17. Nb5 Ne5 18. Ba3 Nbc6 19. Bxe7 Nxe7 20. f4 Nd7 21. Qxd3
Rd8 22. Qa3 Nc6 23. d4 Nb6 24. c5 Nd5 25. Rb1 Qa8 26. Qxa8 Rxa8 27. Bxd5 exd5
28. Nc3 Ra3 29. Nxd5 Na5 30. c6 Nxc6 31. Rxb7 g6 32. Rc7 Na7 33. Nc3 Rb3 34. Kf2
Nb5 35. Nxb5 Rxb5 36. g4 Rb2+ 37. Kg3 Re2 38. Rc3 f5 39. h3 h6 40. h4 Kf7 41. h5
gxh5 42. gxf5 Kf6 43. Kf3 Rd2 44. Rc6+ Kg7 45. Rg6+ Kh7 46. Rg2 1-0

[Event "Sunway Sitges Open 2016"]
[Site "Sitges ESP"]
[Date "2016.12.17"]
[Round "2.34"]
[White "Dahale, Atul"]
[Black "Henderson de La Fuente, Lance"]
[Result "1/2-1/2"]
[WhiteElo "2122"]
[BlackElo "2378"]
[WhiteFideId "5037794"]
[BlackFideId "32096585"]
[EventDate "2016.12.16"]

1. d4 Nf6 2. c4 e6 3. Nc3 Bb4 4. e3 b6 5. Ne2 Ne4 6. f3 Nxc3 7. bxc3 Be7 8. e4
O-O 9. Ng3 c5 10. Bd3 Nc6 11. Be3 d6 12. f4 e5 13. fxe5 cxd4 14. cxd4 dxe5 15.
d5 Bb4+ 16. Bd2 Bxd2+ 17. Qxd2 Nd4 18. O-O Qe7 19. Rac1 Qc5 20. Kh1 f6 21. Rc3
Bd7 22. Nh5 Bg4 23. Ng3 Rac8 24. h3 Bd7 25. Rfc1 Rc7 26. Qb2 Rfc8 27. Nf1 a5 28.
Rb1 b5 29. Rcc1 b4 30. Nd2 Rb8 31. Nb3 Nxb3 32. axb3 Ra7 33. Ra1 Rba8 34. Ra2
Kf8 35. Qf2 Rc8 36. Kg1 Ke7 37. Qxc5+ Rxc5 38. Kf2 Kd6 39. Rca1 Kc7 40. Ke3 Kb6
41. Be2 Bc8 42. g4 1/2-1/2

[Event "Sunway Sitges Open 2016"]
[Site "Sitges ESP"]
[Date "2016.12.17"]
[Round "3.18"]
[White "Piasetski, Leon"]
[Black "Shyam, Sundar M."]
[Result "0-1"]
[WhiteTitle "IM"]
[BlackTitle "GM"]
[WhiteElo "2327"]
[BlackElo "2532"]
[WhiteFideId "2600072"]
[BlackFideId "5019141"]
[EventDate "2016.12.16"]

1. c4 Nf6 2. Nc3 e6 3. e4 c5 4. e5 Ng8 5. Nf3 Nc6 6. d4 cxd4 7. Nxd4 Nxe5 8. Be3
f6 9. Ndb5 a6 10. Nd6+ Bxd6 11. Qxd6 Ne7 12. Bb6 Nf5 13. Qc5 d6 14. Qa5 Qe7 15.
O-O-O O-O 16. Be2 Bd7 17. f4 Ng6 18. g3 Rfc8 19. Kb1 Qf8 20. Rhe1 Nh6 21. Bf1
Nf7 22. c5 d5 23. f5 exf5 24. Nxd5 Nge5 25. Nc7 Rab8 26. Ba7 Bc6 27. Bxb8 Rxb8
28. Nd5 Ng5 29. Nc3 Rc8 30. Rd6 Ngf7 31. Rd4 Bf3 32. b4 b6 33. Qxa6 bxc5 34. Nd5
Ra8 35. Qe6 0-1

[Event "Sunway Sitges Open 2016"]
[Site "Sitges ESP"]
[Date "2016.12.17"]
[Round "3.19"]
[White "Del Rio De Angelis, Salvador G."]
[Black "Kholopov, Alexander A."]
[Result "1/2-1/2"]
[WhiteTitle "GM"]
[BlackTitle "FM"]
[WhiteElo "2530"]
[BlackElo "2307"]
[WhiteFideId "2203138"]
[BlackFideId "4148100"]
[EventDate "2016.12.16"]

1. d4 d5 2. c4 Bf5 3. cxd5 Bxb1 4. Qa4+ c6 5. dxc6 Nxc6 6. Rxb1 Qxd4 7. Qxd4
Nxd4 8. e3 Nc6 9. Bd2 e6 10. Bb5 Rc8 11. Rc1 Bd6 12. Bxc6+ Rxc6 13. Rxc6 bxc6
14. Nf3 Ne7 15. Ke2 Kd7 16. Rc1 Rb8 17. b3 f6 18. Rc4 c5 19. Ne1 Nc6 20. Nd3 Rb5
21. e4 Nd4+ 22. Kd1 e5 23. Ra4 Nc6 24. Be3 a5 25. Rc4 Nd4 26. Kc1 g6 27. Kb2 h5
28. f3 Kc6 29. Kc1 1/2-1/2

[Event "Sunway Sitges Open 2016"]
[Site "Sitges ESP"]
[Date "2016.12.17"]
[Round "3.20"]
[White "Gu, Xiaobing"]
[Black "Swapnil, S. Dhopade"]
[Result "1-0"]
[WhiteTitle "WGM"]
[BlackTitle "GM"]
[WhiteElo "2324"]
[BlackElo "2526"]
[WhiteFideId "8602611"]
[BlackFideId "5019184"]
[EventDate "2016.12.16"]

1. e4 c6 2. d4 d5 3. exd5 cxd5 4. c4 Nf6 5. Nc3 Nc6 6. Nf3 g6 7. cxd5 Nxd5 8.
Qb3 e6 9. Bb5 Bg7 10. O-O O-O 11. Bxc6 bxc6 12. Ne4 Qb6 13. Nc5 Bxd4 14. Nxd4
Qxc5 15. Rd1 Bd7 16. Bh6 Rfb8 17. Qg3 Qe7 18. Rac1 Rb6 19. Nf3 f6 20. b3 a5 21.
Rc4 e5 22. h4 Kh8 23. Re1 Rb4 24. Nd2 Qf7 25. Ne4 Ne7 26. Bg5 fxg5 27. Qxe5+ Qg7
28. Nf6 Rxc4 29. bxc4 gxh4 30. Qxe7 Bf5 31. Qe8+ Qf8 32. Qe5 Qg7 33. Qd6 Rf8 34.
Ne8 Qh6 35. Qe5+ Kg8 1-0

[Event "Sunway Sitges Open 2016"]
[Site "Sitges ESP"]
[Date "2016.12.17"]
[Round "3.21"]
[White "Plazuelo Pascual, Juan"]
[Black "Lemos, Damian"]
[Result "0-1"]
[WhiteTitle "FM"]
[BlackTitle "GM"]
[WhiteElo "2309"]
[BlackElo "2516"]
[WhiteFideId "32059566"]
[BlackFideId "113581"]
[EventDate "2016.12.16"]

1. d4 Nf6 2. c4 g6 3. f3 e6 4. e4 c5 5. d5 d6 6. Ne2 Bg7 7. Nec3 exd5 8. cxd5 a6
9. a4 Nh5 10. Be3 f5 11. exf5 gxf5 12. f4 Nf6 13. Be2 O-O 14. O-O Re8 15. Bf2
Ne4 16. Nxe4 Rxe4 17. Qd2 Nd7 18. Nc3 Rb4 19. Bd3 Nf6 20. h3 Nh5 21. g3 Bd7 22.
Rae1 Qf6 23. Kh2 Qf7 24. Re2 Nf6 25. Bb1 Qh5 26. Re7 Re8 27. Rxe8+ Bxe8 28. Kg2
Ne4 29. Bxe4 fxe4 30. g4 Qg6 31. f5 Qh6 32. Be3 Qf6 33. g5 Qe5 34. f6 0-1

[Event "Sunway Sitges Open 2016"]
[Site "Sitges ESP"]
[Date "2016.12.17"]
[Round "3.23"]
[White "Domingo Nunez, Alejandro"]
[Black "Narciso Dublan, Marc"]
[Result "0-1"]
[WhiteTitle "FM"]
[BlackTitle "GM"]
[WhiteElo "2317"]
[BlackElo "2508"]
[WhiteFideId "22245561"]
[BlackFideId "2201500"]
[EventDate "2016.12.16"]

1. e4 d6 2. d4 Nf6 3. Nc3 g6 4. Nf3 Bg7 5. h3 O-O 6. Be2 c5 7. dxc5 Qa5 8. O-O
Qxc5 9. Be3 Qa5 10. Nd4 Nc6 11. Nb3 Qd8 12. f4 b6 13. Bf3 Bb7 14. Qd2 Qd7 15.
Rad1 Rad8 16. Rfe1 e5 17. f5 gxf5 18. exf5 Qxf5 19. Rf1 Qg6 20. Bg5 e4 21. Bxf6
exf3 22. Bxd8 Bh6 23. Bg5 Bxg5 24. Qd3 Be3+ 0-1

[Event "Sunway Sitges Open 2016"]
[Site "Sitges ESP"]
[Date "2016.12.17"]
[Round "3.24"]
[White "Saravanan, V."]
[Black "Golubov, Saveliy"]
[Result "1/2-1/2"]
[WhiteTitle "IM"]
[BlackTitle "IM"]
[WhiteElo "2306"]
[BlackElo "2490"]
[WhiteFideId "5000580"]
[BlackFideId "24176729"]
[EventDate "2016.12.16"]

1. Nf3 Nf6 2. c4 g6 3. Nc3 Bg7 4. e4 d6 5. d4 O-O 6. Be2 Nbd7 7. O-O e5 8. Be3
Re8 9. d5 Nh5 10. Re1 Bf8 11. Nd2 Ng7 12. f3 f5 13. exf5 gxf5 14. f4 Be7 15. Qc2
exf4 16. Bxf4 Bg5 17. Bxg5 Qxg5 18. Nf3 Qf6 19. Nb5 Qd8 20. Bf1 Ne5 21. Qc3 a6
22. Nbd4 Bd7 23. c5 Nxf3+ 24. Nxf3 Bb5 25. Bxb5 axb5 26. Rxe8+ Qxe8 27. cxd6
cxd6 28. Re1 Qc8 29. Nd4 Qxc3 30. bxc3 b4 31. cxb4 Rxa2 32. Re7 Rd2 33. Ne6 Nxe6
34. dxe6 Re2 35. Kf1 Re5 36. Kf2 b5 37. Kf3 Re4 38. Rb7 Rxe6 39. Rxb5 Re1 40.
Rxf5 1/2-1/2

[Event "Sunway Sitges Open 2016"]
[Site "Sitges ESP"]
[Date "2016.12.17"]
[Round "3.25"]
[White "Romanishin, Oleg M"]
[Black "Krishna Teja, N"]
[Result "1/2-1/2"]
[WhiteTitle "GM"]
[BlackTitle "IM"]
[WhiteElo "2463"]
[BlackElo "2253"]
[WhiteFideId "14100088"]
[BlackFideId "5001498"]
[EventDate "2016.12.16"]

1. Nf3 Nf6 2. g3 d5 3. Bg2 Bg4 4. c4 Bxf3 5. Bxf3 c6 6. Qb3 Qb6 7. d3 e6 8. Be3
Qxb3 9. axb3 a6 10. O-O Nbd7 11. d4 Bd6 12. Nc3 h6 13. Bg2 O-O 14. f3 b5 15. Bf2
Rfb8 16. c5 Bc7 17. e4 Re8 18. e5 Nh7 19. f4 f5 20. exf6 Nhxf6 21. Bh3 b4 22.
Na2 a5 23. Nc1 Ne4 24. Be3 Kf7 25. Nd3 Ke7 26. Rad1 g6 27. Bc1 Rg8 28. Bg2 1/2-1/2

[Event "Sunway Sitges Open 2016"]
[Site "Sitges ESP"]
[Date "2016.12.17"]
[Round "3.26"]
[White "Cuadras Avellana, Jordi"]
[Black "Satyapragyan, Swayangsu"]
[Result "0-1"]
[WhiteTitle "FM"]
[BlackTitle "IM"]
[WhiteElo "2300"]
[BlackElo "2462"]
[WhiteFideId "2200643"]
[BlackFideId "5004306"]
[EventDate "2016.12.16"]

1. e4 e5 2. Nf3 Nc6 3. Bb5 a6 4. Ba4 Nf6 5. d3 d6 6. c3 g6 7. O-O Bg7 8. Nbd2
O-O 9. Re1 Re8 10. h3 b5 11. Bb3 Na5 12. Bc2 c5 13. Nf1 d5 14. Ng3 Bb7 15. b4
cxb4 16. cxb4 dxe4 17. Nxe4 Nxe4 18. dxe4 Nc4 19. Qe2 Qe7 20. Nd2 Nb6 21. a3
Rac8 22. Bb3 Na4 23. Bxa4 bxa4 24. Nc4 Qe6 25. Na5 Ba8 26. Bb2 f5 27. exf5 gxf5
28. Rac1 Qg6 29. f3 e4 30. Rxc8 Rxc8 31. Bxg7 exf3 32. Qb2 Qxg7 33. Qxg7+ Kxg7
34. gxf3 Kf6 35. Rd1 Ke5 36. Kf2 Rc3 37. Rd7 Rxf3+ 38. Ke2 Rxh3 39. Nc4+ Kf4 40.
Rd6 Be4 41. Kd2 h5 42. Rxa6 h4 43. b5 Rd3+ 44. Ke1 h3 45. Rh6 Rc3 46. Nd2 Rxa3
47. b6 Bg2 48. Rh7 Ra2 49. Ke2 Rb2 50. Rh4+ Kg3 0-1

[Event "Sunway Sitges Open 2016"]
[Site "Sitges ESP"]
[Date "2016.12.17"]
[Round "3.27"]
[White "Larsen, Karsten"]
[Black "Gual Pascual, Antonio"]
[Result "0-1"]
[WhiteTitle "FM"]
[BlackTitle "IM"]
[WhiteElo "2227"]
[BlackElo "2388"]
[WhiteFideId "1404288"]
[BlackFideId "2200589"]
[EventDate "2016.12.16"]

1. e4 g6 2. d4 Bg7 3. Nc3 d6 4. Nf3 a6 5. a4 Nf6 6. h3 O-O 7. Bg5 Nc6 8. Qd2 b6
9. Be2 Bb7 10. O-O e5 11. d5 Ne7 12. Rfe1 Nd7 13. Bf1 Kh8 14. a5 b5 15. Na2 f6
16. Bh4 Nc5 17. Nb4 Qe8 18. Ra3 g5 19. Bg3 Qg6 20. Bd3 h5 21. c4 bxc4 22. Bxc4
Bh6 23. Qe2 Bc8 24. Na2 h4 25. Bh2 Qh5 26. b4 Nd7 27. Nd2 Qxe2 28. Rxe2 Rb8 29.
Rb3 f5 30. f3 g4 31. hxg4 fxg4 32. fxg4 Nf6 33. g5 Bxg5 34. Nf3 Rg8 35. Nxe5
dxe5 36. Bxe5 Ng6 37. Bxc7 Bg4 38. Re1 Rbc8 39. d6 Bf4 40. Bxa6 Rxc7 41. dxc7
Bxc7 42. Bc4 Rg7 43. Nc1 Ne5 44. Be2 Be6 45. Ra3 Bd6 46. Nd3 Nxd3 47. Rxd3 Bxb4
48. Rd8+ Kh7 49. Ra1 Nxe4 50. Bd3 Bf5 51. a6 h3 52. Ra2 Bc5+ 53. Kh2 Bb6 54. Rd5
Bc7+ 55. g3 Rxg3 56. Rc2 Rg2+ 0-1

[Event "Sunway Sitges Open 2016"]
[Site "Sitges ESP"]
[Date "2016.12.17"]
[Round "3.28"]
[White "Roeder, Matthias"]
[Black "Dahale, Atul"]
[Result "1-0"]
[WhiteTitle "IM"]
[WhiteElo "2386"]
[BlackElo "2122"]
[WhiteFideId "4600223"]
[BlackFideId "5037794"]
[EventDate "2016.12.16"]

1. Nf3 Nf6 2. c4 e6 3. g3 b6 4. Bg2 Bb7 5. O-O c5 6. Nc3 Be7 7. d4 cxd4 8. Qxd4
Nc6 9. Qf4 d6 10. Rd1 a6 11. b3 Qc7 12. Bb2 Rd8 13. Rac1 Qb8 14. Ne4 Nxe4 15.
Qxe4 Ne5 16. Qe3 Bxf3 17. exf3 O-O 18. Qe2 Nd7 19. f4 Bf6 20. Ba3 Nc5 21. Qc2 b5
22. h4 b4 23. Bb2 Bxb2 24. Qxb2 f5 25. Rd2 e5 26. Bd5+ Kh8 27. Re1 exf4 28. Re7
Rf6 29. h5 h6 30. Rde2 Rdf8 31. gxf4 Ne4 32. Qd4 Qd8 33. Qa7 Qb8 34. Rxg7 Qxa7
35. Rxa7 a5 36. f3 1-0

[Event "Sunway Sitges Open 2016"]
[Site "Sitges ESP"]
[Date "2016.12.17"]
[Round "3.29"]
[White "Henderson de La Fuente, Lance"]
[Black "Monnisha, G K"]
[Result "1/2-1/2"]
[BlackTitle "WIM"]
[WhiteElo "2378"]
[BlackElo "2140"]
[WhiteFideId "32096585"]
[BlackFideId "5009936"]
[EventDate "2016.12.16"]

1. e4 e5 2. Nf3 Nc6 3. Bb5 a6 4. Bxc6 dxc6 5. O-O f6 6. d4 Bg4 7. dxe5 Qxd1 8.
Rxd1 fxe5 9. Be3 Bxf3 10. gxf3 Bd6 11. c4 c5 12. a3 b6 13. Nc3 Ne7 14. Nd5 Nxd5
15. Rxd5 Rf8 16. Kg2 a5 17. Rg1 Ke7 18. Kf1 Rf7 19. Ke2 Raf8 20. a4 Ke6 21. Rg3
Rd8 22. Rd1 Be7 23. Rxd8 Bxd8 24. Rg4 Bf6 25. b3 c6 26. Rg1 Rb7 27. Bc1 g5 28.
h4 gxh4 29. f4 Rg7 30. f5+ Ke7 31. Rh1 Ke8 32. f3 Rd7 33. f4 exf4 34. Bxf4 b5
35. e5 Bxe5 36. Bxe5 Re7 37. Kd3 Rxe5 38. Rxh4 bxa4 39. bxa4 Rxf5 40. Rxh7 Rf3+
41. Kc2 Ra3 42. Rc7 Rxa4 43. Kb3 Rb4+ 44. Kc3 Rb6 45. Ra7 a4 46. Rxa4 1/2-1/2

[Event "Sunway Sitges Open 2016"]
[Site "Sitges ESP"]
[Date "2016.12.17"]
[Round "3.31"]
[White "Sadhwani, Raunak"]
[Black "Cifuentes Parada, Roberto"]
[Result "1/2-1/2"]
[WhiteTitle "CM"]
[BlackTitle "GM"]
[WhiteElo "2246"]
[BlackElo "2478"]
[WhiteFideId "35093487"]
[BlackFideId "2253488"]
[EventDate "2016.12.16"]

1. e4 d6 2. d4 Nf6 3. Nc3 e5 4. Nf3 Nbd7 5. Bc4 Be7 6. O-O O-O 7. Re1 a6 8. a4
b6 9. b3 c6 10. d5 c5 11. Qe2 Ne8 12. Nd2 Bg5 13. Ba3 g6 14. b4 cxb4 15. Bxb4
Qc7 16. Bd3 Bxd2 17. Qxd2 Nc5 18. Nd1 Bd7 19. a5 b5 20. Ra3 Rc8 21. Rc3 Qa7 22.
Qe3 Nf6 23. f3 Rc7 24. Nb2 Rfc8 25. Bf1 Ne8 26. Nd3 Nxd3 27. Qxa7 Rxa7 28. Bxd3
Rxc3 29. Bxc3 Rc7 30. Bb4 f5 31. Rc1 Kf7 32. Kf2 Ke7 33. Ke3 f4+ 34. Kf2 Nf6 35.
Bd2 g5 36. c4 bxc4 37. Bxc4 Bc8 38. Be2 Rxc1 39. Bxc1 Ne8 40. g4 Nc7 41. Bd2 Bd7
42. h3 Bb5 43. Bb4 Bxe2 44. Kxe2 Nb5 45. Kf2 1/2-1/2

[Event "Sunway Sitges Open 2016"]
[Site "Sitges ESP"]
[Date "2016.12.17"]
[Round "3.32"]
[White "Coll Ortega, Jordi"]
[Black "Sundararajan, Kidambi"]
[Result "1/2-1/2"]
[WhiteTitle "FM"]
[BlackTitle "GM"]
[WhiteElo "2243"]
[BlackElo "2420"]
[WhiteFideId "2281015"]
[BlackFideId "5005370"]
[EventDate "2016.12.16"]

1. e4 e6 2. d4 d5 3. Bd3 c5 4. exd5 exd5 5. Nf3 Nc6 6. O-O c4 7. Re1+ Be7 8. Bf1
Nf6 9. b3 cxb3 10. axb3 O-O 11. h3 Bf5 12. c4 Ne4 13. Ba3 Bxa3 14. Nxa3 Bg6 15.
Nc2 a6 16. Ne3 Nf6 17. Ne5 Rc8 18. Nxg6 hxg6 19. g3 Qd7 20. Rc1 Rfd8 21. Bg2 Ne7
22. cxd5 Rxc1 23. Qxc1 Nexd5 24. Nc4 Qb5 25. Qa3 Qb4 26. Qxb4 Nxb4 27. Re7 b5
28. Ne5 Rxd4 29. Rxf7 Rd1+ 30. Kh2 Nd3 31. Re7 Nxf2 32. Nxg6 Rd7 33. Re2 Nd3 34.
Ne7+ Kf8 35. Nc6 Nc1 36. Rb2 Nd3 37. Ra2 Nc5 38. b4 Na4 39. g4 Rd6 40. g5 Nd5
41. Rf2+ Ke8 42. Re2+ Kf8 43. Rf2+ 1/2-1/2

[Event "Sunway Sitges Open 2016"]
[Site "Sitges ESP"]
[Date "2016.12.17"]
[Round "3.33"]
[White "Kucuksari, Kaan"]
[Black "Konguvel, Ponnuswamy"]
[Result "0-1"]
[BlackTitle "IM"]
[WhiteElo "2243"]
[BlackElo "2417"]
[WhiteFideId "6380166"]
[BlackFideId "5000548"]
[EventDate "2016.12.16"]

1. d4 d6 2. Nf3 g6 3. c4 f5 4. g3 Nf6 5. Bg2 Bg7 6. O-O O-O 7. Nc3 c6 8. Rb1 a5
9. d5 e5 10. dxe6 Bxe6 11. Bf4 Bxc4 12. Bxd6 Re8 13. Ne5 Be6 14. b4 Nfd7 15.
Nxd7 Nxd7 16. Qc2 axb4 17. Rxb4 Qf6 18. Na4 b5 19. Nc5 Rxa2 20. Qb1 Nxc5 21.
Bxc5 Rb2 22. Rxb2 Qxb2 23. Qxb2 Bxb2 24. Bb4 Bd5 25. Bxd5+ cxd5 26. e3 Rc8 27.
Rb1 Rc2 0-1

[Event "Sunway Sitges Open 2016"]
[Site "Sitges ESP"]
[Date "2016.12.17"]
[Round "3.34"]
[White "Beerdsen, Thomas"]
[Black "Movileanu, Daniela"]
[Result "1-0"]
[WhiteTitle "FM"]
[BlackTitle "WFM"]
[WhiteElo "2407"]
[BlackElo "2231"]
[WhiteFideId "1030108"]
[BlackFideId "873349"]
[EventDate "2016.12.16"]

1. e4 e5 2. Nf3 g6 3. d4 exd4 4. Qxd4 Nf6 5. Nc3 Nc6 6. Qa4 d6 7. e5 dxe5 8.
Nxe5 Bd7 9. Nxd7 Qxd7 10. Be2 Bg7 11. Be3 O-O 12. Rd1 Qc8 13. O-O a6 14. Qh4 b5
15. g4 Ne5 16. g5 Nfd7 17. f4 Nc4 18. Bxc4 bxc4 19. Qg4 Nc5 20. f5 gxf5 21. Qxf5
Ne6 22. Nd5 Qb7 1-0

[Event "Sunway Sitges Open 2016"]
[Site "Sitges ESP"]
[Date "2016.12.17"]
[Round "3.35"]
[White "Krishna, C R G"]
[Black "Ashwath, R."]
[Result "1/2-1/2"]
[WhiteTitle "IM"]
[WhiteElo "2390"]
[BlackElo "2227"]
[WhiteFideId "5018625"]
[BlackFideId "5021049"]
[EventDate "2016.12.16"]

1. d4 d5 2. c4 e6 3. Nf3 Nf6 4. g3 dxc4 5. Bg2 c5 6. O-O Nc6 7. dxc5 Qxd1 8.
Rxd1 Bxc5 9. Nbd2 c3 10. bxc3 O-O 11. Nb3 Bd7 12. Nfd4 Be7 13. Bg5 Rfd8 14. Nxc6
Bxc6 15. Bxc6 bxc6 16. Na5 Rac8 17. c4 Rxd1+ 18. Rxd1 Bb4 19. Nb3 Ne4 20. Bc1
Nc3 21. Rd2 a5 22. Kf1 a4 23. Nd4 h6 24. Rc2 Ne4 25. f3 Nd6 26. e4 e5 27. Ne2
Bc5 28. Ke1 Rb8 29. Kd2 f5 30. exf5 Rd8 31. Kc3 Nxf5 32. Rd2 Rf8 33. f4 Nd6 34.
Rd1 Ne4+ 35. Kc2 exf4 36. Nxf4 Rf6 37. Bb2 Rf7 38. Rd8+ Kh7 39. Ra8 Bg1 40. h4 1/2-1/2

[Event "Sunway Sitges Open 2016"]
[Site "Sitges ESP"]
[Date "2016.12.18"]
[Round "4.18"]
[White "Dobrov, Vladimir"]
[Black "Harsha, Bharathakoti"]
[Result "0-1"]
[WhiteTitle "GM"]
[WhiteElo "2499"]
[BlackElo "2332"]
[WhiteFideId "4136594"]
[BlackFideId "5078776"]
[EventDate "2016.12.16"]

1. d4 Nf6 2. c4 e6 3. Nc3 Bb4 4. Nf3 b6 5. Bg5 h6 6. Bh4 g5 7. Bg3 Ne4 8. Qc2
Bxc3+ 9. bxc3 Bb7 10. Be5 Rg8 11. Nd2 f5 12. f3 Nxd2 13. Kxd2 d6 14. Bg3 Nd7 15.
e4 fxe4 16. fxe4 e5 17. Be2 g4 18. Raf1 Qg5+ 19. Kd1 O-O-O 20. d5 Rdf8 21. Qd2
Qg6 22. Bd3 Nc5 23. Bc2 c6 24. Qe2 cxd5 25. cxd5 Ba6 26. c4 Kb8 27. Rxf8+ Rxf8
28. Rf1 Rc8 29. Bh4 Nb7 30. Rf6 Qh5 31. g3 Bxc4 32. Qd2 Qe8 33. Qb4 Be2+ 34. Kd2
Rc4 35. Qa3 Qc8 36. Bb3 Rxe4 0-1

[Event "Sunway Sitges Open 2016"]
[Site "Sitges ESP"]
[Date "2016.12.18"]
[Round "4.19"]
[White "Liang, Awonder"]
[Black "Collas, Silvia"]
[Result "1/2-1/2"]
[WhiteTitle "IM"]
[BlackTitle "IM"]
[WhiteElo "2495"]
[BlackElo "2307"]
[WhiteFideId "2056437"]
[BlackFideId "2902265"]
[EventDate "2016.12.16"]

1. e4 d6 2. d4 Nf6 3. Nc3 e5 4. Nf3 Nbd7 5. Bc4 Be7 6. a4 O-O 7. O-O c6 8. Re1
b6 9. Ba2 Bb7 10. Bg5 a6 11. dxe5 dxe5 12. Nh4 b5 13. Nf5 Nc5 14. Qf3 Ne6 15.
Qg3 Nxg5 16. Qxg5 g6 17. Rad1 Qc7 18. Rd3 Kh8 19. Nxe7 Qxe7 20. Red1 Rad8 21. h4
Rxd3 22. Rxd3 Re8 23. Rf3 Kg7 24. h5 h6 25. Qe3 Rd8 26. hxg6 fxg6 27. Rh3 Ng4
28. Qe2 Bc8 29. Rf3 Nf6 30. Rd3 Rd4 31. f3 Be6 32. Bxe6 Qxe6 33. Qe3 Qd6 34.
axb5 axb5 35. Kf1 Nd7 36. Ne2 Rxd3 37. cxd3 Nc5 38. d4 Ne6 39. dxe5 Qxe5 40.
Qa7+ Kf6 41. Qh7 Qxb2 42. Qh8+ Ng7 43. Qxh6 Qe5 44. Nf4 Qg5 45. Qh8 Qxf4 46.
Qf8+ Kg5 47. Qxg7 Qc1+ 48. Kf2 Qd2+ 49. Kg1 Qe1+ 50. Kh2 Qh4+ 51. Kg1 Qe1+ 1/2-1/2

[Event "Sunway Sitges Open 2016"]
[Site "Sitges ESP"]
[Date "2016.12.18"]
[Round "4.20"]
[White "Golubov, Saveliy"]
[Black "Amato, Andrea"]
[Result "1/2-1/2"]
[WhiteTitle "IM"]
[BlackTitle "FM"]
[WhiteElo "2490"]
[BlackElo "2290"]
[WhiteFideId "24176729"]
[BlackFideId "813222"]
[EventDate "2016.12.16"]

1. Nf3 c5 2. e4 e6 3. b3 a6 4. Bb2 Nc6 5. Nc3 Qc7 6. Qe2 d6 7. O-O-O Nf6 8. d4
cxd4 9. Nxd4 Nxd4 10. Rxd4 Be7 11. Rg1 Nd7 12. Rd3 Bf6 13. f4 b5 14. g4 Nc5 15.
Rh3 b4 16. Nd1 a5 17. e5 dxe5 18. g5 Ba6 19. Qg2 Bb7 20. Bb5+ Kf8 21. Qe2 Be7
22. g6 fxg6 23. Rxg6 hxg6 24. Rxh8+ Kf7 25. Rxa8 Bxa8 26. Qxe5 Qxe5 27. Bxe5 g5
28. Nf2 Kg6 29. fxg5 Bxg5+ 30. Kd1 Bd8 31. Bd4 Bf3+ 32. Ke1 Nb7 33. Nd3 Be4 34.
Be8+ Kh7 35. Bd7 Bc7 36. Bxe6 Bxh2 1/2-1/2

[Event "Sunway Sitges Open 2016"]
[Site "Sitges ESP"]
[Date "2016.12.18"]
[Round "4.22"]
[White "Anurag, Mhamal"]
[Black "Saravanan, V."]
[Result "0-1"]
[WhiteTitle "IM"]
[BlackTitle "IM"]
[WhiteElo "2423"]
[BlackElo "2306"]
[WhiteFideId "5024366"]
[BlackFideId "5000580"]
[EventDate "2016.12.16"]

1. Nf3 Nf6 2. g3 g6 3. Bg2 Bg7 4. O-O O-O 5. d4 d5 6. c4 dxc4 7. Na3 c3 8. bxc3
c5 9. Bb2 Nc6 10. e3 Bf5 11. Qe2 Qc8 12. Rfd1 Rd8 13. Nd2 Bg4 14. f3 Bh3 15. Nb3
Bxg2 16. Kxg2 cxd4 17. cxd4 b6 18. e4 e6 19. Rac1 Qb7 20. Qb5 Rac8 21. Nc4 Nxe4
22. fxe4 Nxd4 23. Nd6 Rxd6 24. Rxc8+ Qxc8 25. Nxd4 a6 26. Qa4 b5 27. Qb4 Qd7 28.
Rd2 a5 0-1

[Event "Sunway Sitges Open 2016"]
[Site "Sitges ESP"]
[Date "2016.12.18"]
[Round "4.23"]
[White "Konguvel, Ponnuswamy"]
[Black "Denis, Laurent"]
[Result "1-0"]
[WhiteTitle "IM"]
[WhiteElo "2417"]
[BlackElo "2258"]
[WhiteFideId "5000548"]
[BlackFideId "601560"]
[EventDate "2016.12.16"]

1. e4 c5 2. Nf3 e6 3. d4 cxd4 4. Nxd4 Nf6 5. Nc3 d6 6. g4 h6 7. h4 Nc6 8. Rg1 h5
9. gxh5 Nxh5 10. Bg5 Nf6 11. Rg3 a6 12. Nxc6 bxc6 13. Qf3 e5 14. Bc4 Be6 15.
Bxe6 fxe6 16. O-O-O Be7 17. Be3 Bf8 18. Rg6 Rh7 19. h5 Be7 20. Rdg1 Kf7 21. h6
gxh6 22. Bxh6 Qh8 1-0